00406nam a22001097a 4500020001500000082001400015100002100029245014500050260006000195300000900255650003200264 a9559120085 a551.5 REP aReport on the... aReport on the national workshop on the UNFCCC and the institutional design of the cooperative implementation mechanism of the kyoto protocol aColombobMinistry of environmenta and natural resources a261p aenvironmaent,global affairs